Lizard by Picture - Statistics

General Stats
  • This quiz has been taken 93 times
  • The average score is 9 of 16
Answer Stats
Picture Answer % Correct
Komodo Dragon
97%
Central {Bearded} {Dragon}
74%
Common {Leopard} Gecko
68%
Gila Monster
68%
Western {Skink}
62%
{Tokay} Gecko
61%
{Marine} Iguana
59%
{Nile} Monitor
58%
Common {Basilisk}
57%
Green {Anole}
55%
{Jackson}'{s} Chameleon
55%
Regal {Horned} Lizard
53%
Common {Agama}
34%
Slowworm
29%
{Sand} Lizard
14%
{Viviparous} Lizard
14%
No matching quizzes found
Score Distribution
Percent of People with Each Score
Percentile by Number Answered
Your Score History
You have not taken this quiz